000 00614nam a22001937a 4500
999 _c171661
_d171661
005 20200117112336.0
010 _aA-369506
020 _c150.00
_a-
035 _aA-369506
037 _bBPPD/Pub.
_a-
082 _aن
100 _aقر ۃ ا لعين حيد ر
245 _aگر د ش ر نگ چمن
_cقر ۃ ا لعين حيد ر
246 _bGardish-e-Rang-e-Chaman (Urdu)
_aby Quratulain Haider
260 _aDelhi
_bEducational Publishing House
_c1988 ء
270 _aStreet Wakil,Kucha Pandit,Lal kuan,
_bDelhi
_e110006
_k-
_l-
300 _a699 ص
_c22 Cm(Hb)
942 _2ddc
_cUR
_hن
_mق ر ۃ